[Event "Vigevano U20 op 4th"]
[Site "Vigevano"]
[Date "2025.06.01"]
[Round "4"]
[White "Sekova, Olivia"]
[Black "Padeanu, Alex"]
[Result "1-0"]
[WhiteElo "2153"]
[BlackElo "1593"]
[PlyCount "79"]
[EventDate "2025.05.31"]
[EventType "swiss"]
[EventRounds "7"]
[EventCountry "ITA"]
[SourceTitle "CB23_2025"]
[SourceDate "2025.06.04"]
[SourceVersion "1"]
[SourceVersionDate "2025.06.04"]
[SourceQuality "1"]

1. e4 e5 2. Nf3 Nf6 3. Nxe5 d6 4. Nf3 Nxe4 5. Nc3 Nxc3 6. dxc3 Be7 7. Be3 Nc6 8. Qd5 a6 9. Bd3 Be6 10. Qh5 g6 11. Qh6 Qd7 12. Qf4 h6 13. h4 0-0-0 14. 0-0-0 Ne5 15. Be2 Nxf3 16. Bxf3 Qb5 17. Qb4 Qxb4 18. cxb4 Bf6 19. Bd4 Bxd4 20. Rxd4 h5 21. Re1 Rhe8 22. Rde4 Bd7 23. Rxe8 Rxe8 24. Rxe8+ Bxe8 25. Kd2 c6 26. Ke3 Bd7 27. Kf4 f6 28. Be4 Be8 29. f3 Kd7 30. g4 hxg4 31. fxg4 Ke6 32. g5 f5 33. Bd3 b5 34. h5 Bf7 35. h6 Bg8 36. Bxf5+ gxf5 37. g6 Kf6 38. h7 Kg7 39. hxg8Q+ Kxg8 40. Kxf5 1-0